000 00788nam a2200193Ia 4500
003 OSt
005 20250409115830.0
008 210210b2008 xxu||||| |||| 00| 0 eng d
040 _cAL
041 _aKannada
082 _aK894.9 MAIK
100 _aMAISURU VISHVAVIDYANILAYA
_9102386
_bಮೈಸೂರು ವಿಶ್ವವಿದ್ಯಾನಿಲಯ
245 _aKuvempu kannada adyayana samstheya kannada sahitya charitre Sam. 5 Bhaga 2
_bಕುವೆಂಪು ಕನ್ನಡ ಅಧ್ಯಯನ ಸಂಸ್ಥೆಯ ಕನ್ನಡ ಸಾಹಿತ್ಯ ಚರಿತ್ರೆ ಸಂಪುಟ ೫ ಭಾಗ ೨
260 _aMaisuru
_bKuvempu kannada adhyayana samsthe
_c2008
300 _axxiii--903
690 _aKannada Criticism
_9102387
906 _a063289
942 _2ddc
_cBK
999 _c136399
_d136399